Basic Physics (Record no. 39272)

MARC details
000 -LEADER
fixed length control field 00313nam a2200145Ia 4500
050 ## - CALL MARK
Classification number QC21.F68/
100 ## - STATEMENT OF RESPONSIBILITY--MAIN AUTHOR NAME
Personal name Kenneth W. Ford
245 #0 - TITLE STATEMENT
Title Basic Physics
260 ## - PUBLICATION, DISTRIBUTION, ETC. (IMPRINT)
Name of publisher Blaisdell
260 ## - PUBLICATION, DISTRIBUTION, ETC. (IMPRINT)
Year of publication 1968
300 ## - PHYSICAL DESCRIPTION
Number of Pages 968 p
942 ## - ADDED ENTRY ELEMENTS (KOHA)
Koha item type Books
Holdings
Withdrawn status Lost status Source of classification or shelving scheme Damaged status Not for loan Permanent Location Current Location Date acquired Accession Number Price effective from Koha item type
    Library of Congress Classification     NILE UNIVERSITY OF NIGERIA - MAIN LIBRARY NILE UNIVERSITY OF NIGERIA - MAIN LIBRARY 06/03/2025 0008151 06/03/2025 Books
    Library of Congress Classification     NILE UNIVERSITY OF NIGERIA - MAIN LIBRARY NILE UNIVERSITY OF NIGERIA - MAIN LIBRARY 06/03/2025 0008152 06/03/2025 Books